[Event "EU-ch U18 Girls"]
[Site "Prague"]
[Date "2012.08.19"]
[Round "3"]
[White "Dalemans, Diana"]
[Black "Milicevic, Dajana"]
[Result "1-0"]
[WhiteElo "1958"]
[BlackElo "1684"]
[PlyCount "141"]
[EventDate "2012.08.17"]
[EventType "swiss"]
[EventRounds "9"]
[EventCountry "CZE"]
[SourceTitle "CBM 150 Extra"]
[Source "ChessBase"]
[SourceDate "2012.10.19"]
[SourceVersion "1"]
[SourceVersionDate "2012.10.19"]
[SourceQuality "1"]

1. e4 d5 2. exd5 Qxd5 3. Nc3 Qa5 4. d4 Nf6 5. Nf3 c6 6. Ne5 Nbd7 7. Nc4 Qd8 8. Qf3 Nb6 9. Be3 Bg4 10. Qg3 Nxc4 11. Bxc4 e6 12. f3 Bf5 13. Qf2 Bb4 14. Bb3 Nd5 15. Bd2 Qa5 16. Ne4 Bxd2+ 17. Nxd2 Bg6 18. 0-0 Qc7 19. c4 Ne7 20. d5 exd5 21. cxd5 0-0 22. dxc6 Nxc6 23. Nc4 Rad8 24. Rfd1 a6 25. Qb6 Qxb6+ 26. Nxb6 Rfe8 27. Rxd8 Rxd8 28. Bd5 Rd6 29. Re1 h6 30. Rd1 Kh7 31. Nc4 Rd8 32. Ne3 f6 33. Kf2 Be8 34. Bxc6 Rxd1 35. Be4+ f5 36. Bxf5+ g6 37. Bxg6+ Kxg6 38. Nxd1 Bf7 39. Nc3 b5 40. a3 Kf5 41. Ke3 Bc4 42. Ne4 Bd5 43. Kd4 Ba8 44. Nc5 a5 45. Nd3 Bc6 46. Nc1 h5 47. Ne2 h4 48. Kc5 Bd7 49. g3 h3 50. Kd4 Bc6 51. Ng1 Kg6 52. Ke3 Bd7 53. g4 Kg5 54. Nxh3+ Kh4 55. Nf4 b4 56. axb4 axb4 57. Kf2 b3 58. Kg2 Bc6 59. Ne2 Bd5 60. Nd4 Bc4 61. Nf5+ Kg5 62. Kg3 Be2 63. h4+ Kg6 64. Kf4 Kf7 65. g5 Kg6 66. h5+ Kf7 67. h6 Kg6 68. Nh4+ Kh7 69. Kf5 Bd3+ 70. Kf6 Bc4 71. Nf5 1-0

[Event "EU-ch U18 Girls"]
[Site "Albena"]
[Date "2011.09.14"]
[Round "4"]
[White "Milicevic, Dajana"]
[Black "Popadic, Milica"]
[Result "1/2-1/2"]
[WhiteElo "1682"]
[BlackElo "1622"]
[PlyCount "20"]
[EventDate "2011.09.11"]
[EventType "swiss"]
[EventRounds "9"]
[EventCountry "BUL"]
[SourceTitle "CBM 144 Extra"]
[Source "ChessBase"]
[SourceDate "2011.10.28"]
[SourceVersion "1"]
[SourceVersionDate "2011.10.28"]
[SourceQuality "1"]

1. f4 f5 2. Nf3 Nf6 3. e3 e6 4. Be2 Nc6 5. Nc3 Be7 6. 0-0 0-0 7. d4 d5 8. Ne5 Nxe5 9. dxe5 Ne4 10. Nxe4 fxe4 1/2-1/2